| 000 | 01043nam0a2200313 4500 | ||
|---|---|---|---|
| 001 | RU\NLR\bibl\1295133 | ||
| 005 | 20250615145359.0 | ||
| 010 |
_a978-5-353-02340-1 _97000 |
||
| 021 |
_aRU _b2008-77246 _94470 |
||
| 035 | _a(NLR Aleph) 001280766 | ||
| 090 |
_a497530 _c497530 |
||
| 100 | _a20081117d2008 |||y0rusy50 ca | ||
| 101 | 1 |
_arus _cita |
|
| 102 | _aRU | ||
| 105 | _aa ||||||||| | ||
| 200 | 1 |
_aКнига увлекательных занятий для девочек _f[текст Мария Кьяра Бетацци _gпер. с итал. Н.В. Кротковой] |
|
| 210 |
_aМосква _cРосмэн _cРосмэн-Пресс _d2008 |
||
| 215 |
_a111 с. _cцв. ил. _d27 |
||
| 300 | _aАвт. указан перед вып. дан. | ||
| 686 |
_aШ9 _bН99 |
||
| 686 | _aШ993 | ||
| 700 | 1 |
_aБетацци _bМ. К. _gМария Кьяра _4070 |
|
| 801 | 0 |
_aRU _bNLR _c20081117 _gRCR |
|
| 801 | 1 |
_aRU _bNLR _c20081117 |
|
| 942 | _cBOOK | ||
| 980 | _aNB | ||